| 000 | 00595nam a2200193Ia 4500 | ||
|---|---|---|---|
| 003 | GCL | ||
| 008 | 140319s9999 xx 000 0 ara d | ||
| 040 |
_aGCL / _cGCL |
||
| 082 | 0 | 4 |
_a928.2 _bم ع |
| 100 | 1 | _aجورج مدبك | |
| 245 | 1 | 0 |
_aاعلام الفكر والادب / _cجورج مدبك |
| 260 |
_aبيروت : _bدار الراتب الجامعية ، _c1992 |
||
| 300 |
_a4 مج ؛ _c18 سم |
||
| 490 |
_aموسوعة عالم المشاهير _v0 |
||
| 650 | 0 | 4 | _aالمراسلات |
| 650 | 0 | 4 | _aالادباء |
| 650 | 0 | 4 | _aالادباء - تراجم |
| 942 |
_2ddc _cREF |
||
| 999 |
_c59272 _d59272 |
||